[Event "Bucharest"]
[Site "Bucharest"]
[Date "1996.??.??"]
[Round "?"]
[White "Damjanovic, Vladimir"]
[Black "Itkis, Boris"]
[Result "1/2-1/2"]
[WhiteElo "2440"]
[BlackElo "2440"]
[Annotator "Rogozenco,D"]
[PlyCount "82"]
[EventDate "1996.??.??"]
[EventType "tourn"]
[EventRounds "15"]
[EventCountry "ROU"]
[EventCategory "9"]
[SourceTitle "EXT 1999"]
[Source "ChessBase"]
[SourceDate "1998.11.16"]
[SourceVersion "1"]
[SourceVersionDate "1998.11.16"]
[SourceQuality "1"]

1. e4 e6 2. d4 d5 3. Nc3 Nf6 4. Bg5 dxe4 5. Nxe4 Be7 6. Bxf6 gxf6 (6... Bxf6)
7. g3 f5 8. Nc3 Bf6 9. Nge2 Nc6 10. d5 Nb4 $1 (10... exd5) 11. Bg2 (11. dxe6 $2
Qxd1+ 12. Rxd1 Bxe6 $17) 11... Nxd5 (11... c6) 12. Nxd5 $6 (12. Bxd5 exd5 13.
Qxd5 O-O $13 (13... Qxd5 14. Nxd5 Bxb2 15. Nxc7+ (15. Rb1 Be5) 15... Kd8 16.
Rb1 Kxc7 17. Rxb2 Be6 $11)) 12... exd5 13. O-O (13. Bxd5 c6 $17) 13... O-O 14.
c3 c6 15. Nd4 f4 $5 16. gxf4 Qd6 17. Qd2 Bd7 $15 18. Nf3 Rae8 19. Kh1 Kh8 20.
Ng5 {/\ Q} Bf5 (20... h6 $5 21. Ne4 Qe7 22. Nxf6 Qxf6 $15) 21. Rae1 Rxe1 22.
Rxe1 h6 23. Nf3 (23. Ne4 Bxe4 24. Rxe4 $15 (24. Bxe4 $2 Re8 $19)) 23... Rg8 24.
Ne5 Bxe5 25. fxe5 Qg6 26. f3 (26. f4 Qh5 $15) 26... Qg5 27. Qxg5 hxg5 28. Kg1
Kg7 29. Kf2 Kf8 $2 (29... Rh8 30. Kg3 Be6 $1 31. Rd1 (31. Rh1 Rh4) 31... c5)
30. Rh1 Rh8 31. Kg3 Rh4 32. Rd1 Ke7 33. Rd4 $1 Rh8 34. h4 $11 gxh4+ 35. Rxh4
Rxh4 36. Kxh4 Bb1 37. a3 f6 38. exf6+ Kxf6 39. Kg3 c5 40. f4 Be4 41. Bh3 d4
1/2-1/2

[Event "WchT 10th"]
[Site "Tsaghkadzor"]
[Date "2015.04.26"]
[Round "7.2"]
[White "Sutovsky, Emil"]
[Black "Lenderman, Aleksandr"]
[Result "0-1"]
[WhiteElo "2623"]
[BlackElo "2617"]
[Annotator "Roiz,M"]
[PlyCount "70"]
[EventDate "2015.04.19"]
[EventType "team-tourn"]
[EventRounds "9"]
[EventCountry "ARM"]
[SourceTitle "CBM 166"]
[Source "ChessBase"]
[SourceDate "2015.05.11"]
[SourceVersion "1"]
[SourceVersionDate "2015.05.11"]
[SourceQuality "1"]
[WhiteTeam "Israel"]
[BlackTeam "US of America"]
[WhiteTeamCountry "ISR"]
[BlackTeamCountry "USA"]

1. e4 e6 2. d4 d5 3. Nc3 Nf6 4. Bg5 dxe4 5. Nxe4 Be7 6. Bxf6 gxf6 7. Nf3 a6 {
A fashionable way of handling the well known theoretical position. Black is
ready to waste a tempo in order to seize some space on the q-side.} 8. g3 b5 9.
Bg2 Bb7 10. Qe2 Nd7 11. O-O-O {This move looks most ambitious, but the king is
not completely safe on the queenside.} ({Instead, White has 2 alternative ways
to fight for the opening advantage:} 11. a4 O-O (11... Nb6 $5 {might be an
improvement for Black here.}) 12. O-O Bd5 13. Ned2 Rb8 14. axb5 axb5 15. c3 c5
16. Rfd1 Qc7 17. Nf1 $14 {0-1 (49) Almasi,Z (2676)-Morozevich,A (2678)/Monte
Carlo 2003/CBM 093 ext}) ({Possibly, the most unpleasant approach is} 11. O-O {
, since Black's active possibilities are limited in all cases:} O-O (11... f5
12. Nc5 Nxc5 13. dxc5 Bf6 14. Rad1 Qe7 15. b4 O-O 16. Nd4 Bxg2 17. Kxg2 $14)
12. Rfd1 Bd5 (12... f5 13. Nc5 Bd5 14. Nxd7 Qxd7 15. Ne5 Qd6 16. Bxd5 Qxd5 17.
c4 bxc4 18. Rac1 $14) 13. c3 f5 14. Ned2 c5 (14... Nf6 15. Ne5 Bxg2 16. Kxg2
Qd5+ 17. Qf3 $14) 15. dxc5 Nxc5 16. Nf1 $36 {1-0 (53) Kasparov,G (2851)
-Gurevich,M (2694)/Sarajevo 2000/CBM 077/[Finkel,A]}) 11... Bd5 12. Rhe1 $146 (
{Black's position seems rather solid in the event of} 12. Kb1 c6 13. Nc3 Nb6
14. Nxd5 cxd5 15. Ne1 Rc8 16. f4 f5 17. g4 fxg4 18. Qxg4 Nc4 $132 {0-1 (58)
Gligoric,S (2481)-Zontakh,A (2529)/Herceg Novi 2001}) 12... c6 ({The greedy} 
12... Bxa2 $6 {fails to} 13. Nh4 $1 Bd5 14. Nd6+ cxd6 15. Bxd5 exd5 16. Nf5 Ne5
17. dxe5 dxe5 18. f4 $40 {with a powerful attack.}) ({But} 12... O-O $5 {
also deserves some attention:} 13. Nc3 c6 14. Nxd5 cxd5 15. Nh4 Bb4 16. c3 Ba5
17. Qh5 Kh8 $132 {with a complex battle.}) 13. Nc3 Qa5 $6 {A risky move, since
Black's king is getting more vulnerable without the queen's protection.} ({
A better way was} 13... Nb6 14. Nxd5 cxd5 15. Kb1 Rc8 $132) 14. Nxd5 cxd5 15.
Bh3 $2 {Emil's attacking idea looks attractive, White should be able to afford
giving up the Pa2, which has important defensive functions.} ({The normal} 15.
Kb1 {was called for:} Nb6 16. Nd2 Nc4 17. Bxd5 ({The quiet} 17. c3 $5 {also
looks unpleasant for Black.}) 17... Nxb2 18. Bxe6 Nxd1 19. Bd7+ Kxd7 20. Qxe7+
Kc8 21. Rxd1 $14 {White has more than sufficient compensation for an exchange.}
) 15... Qxa2 16. Bxe6 O-O-O $2 {Aleksandr returns the favour.} (16... Qa1+ {
was much stronger:} 17. Kd2 Bb4+ 18. Ke3 Qxb2 19. Bxd5 O-O-O $1 {and White is
in trouble:} 20. Kf4 $8 Bxe1 21. Qxe1 Rhe8 22. Qa5 Nb8 $17) 17. Bxd7+ Rxd7 18.
Nd2 {As a result of Black's mistake, White gets an important tempi for
consolidating.} Kb8 {A useful prophylactic move. The c8-spot is vacant for
Black's rook now.} (18... Rc7 19. Qf3 Bb4 20. Re3 (20. Qxf6 Kb7 $1 21. Qxh8 Ba3
$1 22. Nc4 Rxc4 23. Kd2 Qxb2 24. Ke3 Bb4 $15) 20... Kb8 21. Rb3 Rhc8 22. c3
$132) 19. Nb3 $2 {White's defensive setup is not stable at all!} ({The
position would remain double-edged after} 19. Qf3 a5 20. Re3 a4 21. Nb1 b4 22.
Rde1 $132) ({Or} 19. Nb1 Rc8 20. Rd3 Bb4 21. c3 $132) 19... Rc8 $1 {White
lacks any counterplay, while his king is under powerful attack.} ({The text is
much stronger than} 19... Bb4 20. c3 Bxc3 21. bxc3 Qxb3 22. Qc2 $15) 20. Rd3 $2
({The only way to stay in the game was connected with giving up a pawn:} 20.
Nc5 Bxc5 21. dxc5 Qa1+ 22. Kd2 Qxb2 23. Qe3 Qb4+ 24. Qc3 Qxc5 25. Qxc5 Rxc5 $17
) 20... Bb4 $1 $19 {Black is already winning.} 21. Qd1 (21. Qe3 Rdc7 22. Re2
Ba3 23. Kd1 Bxb2 $19) 21... Rdc7 22. Re2 a5 23. Nd2 ({Or} 23. c3 Rxc3+ 24. Rxc3
Rxc3+ 25. bxc3 Ba3+) 23... Bxd2+ {Correctly liquidating the main defender of
White's monarch.} 24. Kxd2 Qxb2 25. Ke3 {A desperate attempt to run away.} Rxc2
{The rest was just an agony - Black's passed pawns easily decide the game.} 26.
Red2 R8c3 ({There was also nothing wrong with} 26... a4 $19) 27. Rxc3 Qxc3+ 28.
Rd3 Qc8 29. g4 Rc1 {Lenderman had many winning ways, but choosing the
attacking approach is always tempting.} 30. Qf3 Re1+ 31. Kf4 Qc7+ 32. Kf5 Re5+
{The mate is coming.} 33. Kxf6 Qd6+ 34. Kg7 Qg6+ 35. Kf8 Qh6+ {White resigns.}
(35... Qh6+ 36. Kxf7 Qg6+ 37. Kf8 Re8#) 0-1

[Event "USA tt KO"]
[Site "ICC INT"]
[Date "2015.11.18"]
[Round "2"]
[White "Li, Ruifeng"]
[Black "Akobian, Varuzhan"]
[Result "0-1"]
[WhiteElo "2444"]
[BlackElo "2618"]
[Annotator "Sadorra,J"]
[PlyCount "86"]
[EventDate "2015.11.10"]
[EventType "team-k.o."]
[EventRounds "3"]
[EventCountry "USA"]
[SourceTitle "CBM 170"]
[Source "ChessBase"]
[SourceDate "2016.01.15"]
[SourceVersion "1"]
[SourceVersionDate "2016.01.15"]
[SourceQuality "1"]
[WhiteTeam "Dallas"]
[BlackTeam "St Louis"]
[WhiteTeamCountry "USA"]
[BlackTeamCountry "USA"]

{This game was played on board 2 of the US Chess League Semi-final match
between "Dallas Destiny" and "St. Louis Archbishops." In this match Dallas
team has draw odds (meaning if the score was tied 2-2, Dallas will advance to
the semi-finals), therefore many predicted that St. Louis players will go all
out or at least take more risks.} 1. e4 e6 2. d4 d5 3. Nc3 Nf6 4. Bg5 dxe4 5.
Nxe4 Be7 6. Bxf6 gxf6 $5 {And here we have it! The Burn Variation is known for
its imbalanced or double-edged battles and Varuzhan's choice of this over his
favourite 6...Bxf6 clearly shows his intention to fight without giving White a
clear path to a calm, equal game.} 7. Nf3 f5 8. Nc3 a6 9. Qe2 ({Other popular
alternatives are} 9. g3) ({and} 9. Qd2) 9... b5 10. O-O-O b4 11. Na4 Qd5 {
All this has been played before.} 12. Qc4 ({A safer line may be} 12. b3) (12.
Kb1 Nd7 {another game in the US Chess League went:} 13. g3 $2 (13. c4 $142 $6
Qe4+ 14. Ka1 Qxe2 15. Bxe2 Bb7 $15) (13. Qe3 Bb7 14. b3 (14. Be2 Qe4 $1 $15)
14... Rg8 15. Rg1 O-O-O {0-1 (30) Ganguly,S (2651)-So,W (2673) Wijk aan Zee
2011, with a comfortable game, which Black eventually won.}) 13... Bb7 14. Bg2
Qb5 $1 {an idea worth remembering in the Burn, after which Black wins a pawn
and retains a strong queenside initiative:} 15. Qxb5 axb5 16. Nc5 Nxc5 17. dxc5
Bxc5 18. Rhf1 Ra6 $1 19. Ne1 Bxg2 20. Nxg2 Ke7 21. Nf4 Rha8 22. a3 bxa3 23. b3
a2+ 24. Ka1 Bb4 25. Ne2 Rc6 26. c4 bxc4 27. Rc1 Bd2 $1 {transferring the
bishop to greener pastures} 28. Rc2 Bh6 $1 {0-1 (28) Ruiz,J (241)-Liu,E (2329)
USCL Week 9 2015. White cannot stop Black from gaining more material so he
resigned.}) 12... Bb7 $1 {Sacrificing a pawn for piece activity.} ({Much
earlier in the season another game in this variation went} 12... Qxc4 {but it
didn't pose White any problems} 13. Bxc4 Bd7 14. Bb3 Nc6 15. Nc5 (15. d5 $5)
15... Bxc5 16. dxc5 O-O-O 17. Ng5 $14 {and it is Black who has to play
accurately to hold the balance.} (17. Bc4 $5 Kb7 18. Rhe1 $14) 17... Be8 18.
Ba4 Rxd1+ 19. Rxd1 Nd8 20. Bxe8 Rxe8 21. f4 h6 22. Nf3 Nc6 23. Rd3 f6 24. g3 e5
25. Nh4 exf4 26. gxf4 Re4 27. Nxf5 Rxf4 28. Nxh6 Rh4 29. Ng8 f5 30. h3 a5 31.
Nf6 Kb7 32. a3 Ne5 33. Re3 Nc4 34. Rf3 bxa3 35. bxa3 Kc6 36. a4 f4 37. Ng4 Kxc5
38. c3 Nb6 39. Kc2 {1/2-1/2 (39) Stukopin,A (2587)-Moradiabadi,E (2587) USCL
Week 2015}) 13. Qxc7 Bd6 14. Qc4 Nd7 15. Qxd5 Bxd5 16. b3 $2 {The beginning of
White's difficulty, as it gives Black time to create pressure on the kingside.}
({A better reply is} 16. c4 {which has been tested in GM and Correspondence
practice.} bxc3 17. Nxc3 Bxf3 18. gxf3 Ke7 19. Bd3 Rhg8 $11 {and there arises
a dynamic balance wherein Black's pawn deficit is compensated for by his piece
activity and the presence of White's weak pawns.}) 16... Rg8 $15 {[%csl Gd5,
Rg2,Gg8][%cal Gg8g2,Gd5g2]} 17. Ne1 $6 {White's idea is to transfer his bishop
to f3 while holding on to the pawn, but he underestimated the consequence it
has on his piece coordination.} ({A better defence is} 17. Nd2 $5 Ke7 (17...
Bxg2 $4 18. Rg1) 18. f3 h5 $1 {preventing g2-g3} 19. c4 (19. g3 h4 $1 $17)
19... bxc3 20. Nxc3 Nf6 21. Kb2 {of course Black is better off but White can
still resist.}) 17... Ke7 18. Be2 Rad8 $1 19. Bf3 Bxf3 20. gxf3 Bf4+ 21. Kb1
Ne5 $1 {Now every black piece is happy while White's pieces look ugly and
disconnected from each other.} 22. c4 bxc3 23. Nxc3 Nc6 24. Nc2 Rg2 {
Unfortunately, White cannot hold on to all his pawns and control key squares.}
25. d5 {A desperate attempt to create counterplay.} Ne5 26. Rd4 {Black to play.
..} Rxf2 $1 {Varuzhan uses tactics to keep the momentum going.} 27. Rxf4 Rc8
28. Rc4 Nxc4 29. bxc4 Rxc4 30. Kb2 Rxf3 {With two pawns and a rook for 2
pieces plus great activity, Black is winning. The rest of the game just shows
White prolonging the agony of defeat.} 31. Nd1 Rh4 32. Nde3 Rfh3 33. Nf1 Rf4
34. dxe6 fxe6 35. Nfe3 Rf2 36. Re1 Rhxh2 37. Rc1 h5 38. Kb1 h4 39. Nc4 Rxc2 40.
Rxc2 Rxc2 41. Kxc2 h3 42. Ne5 h2 43. Ng6+ Kf6 {Smooth play from Var. This game
is an important win for the "Archbishops" in helping them win the match, thus
gaining a spot in the USCL Finals.} 0-1

[Event "EU-ch 17th"]
[Site "Gjakova"]
[Date "2016.05.17"]
[Round "6"]
[White "Erdogdu, Mert"]
[Black "Anton Guijarro, David"]
[Result "0-1"]
[WhiteElo "2439"]
[BlackElo "2616"]
[Annotator "Sadorra,J"]
[PlyCount "55"]
[EventDate "2016.05.12"]
[EventType "swiss"]
[EventRounds "11"]
[EventCountry "KOS"]
[SourceTitle "CBM 173"]
[Source "ChessBase"]
[SourceDate "2016.07.12"]
[SourceVersion "1"]
[SourceVersionDate "2016.07.12"]
[SourceQuality "1"]

1. e4 e6 2. d4 d5 3. Nc3 Nf6 4. Bg5 dxe4 5. Nxe4 Be7 6. Bxf6 gxf6 {The Burn
Variation is known to lead to complex, fighting positions.} 7. Nf3 f5 8. Nc3
Qd6 $5 ({The more common continuation is} 8... a6 {which could branch out in
different ways:} 9. Qe2 (9. Qd2 b5 10. O-O-O Qd6) (9. g3 b5 10. Bg2 Bb7) 9...
b5 10. O-O-O b4 11. Na4 Qd5 {I annotated a game in this line (Li-Akobian) in
CBM 170.}) 9. Qe2 ({Another way to play this is} 9. Qd2 a6 10. O-O-O b5 {
which transposes to one of the lines under move 8...a6} 11. Qe3 (11. Kb1 Bb7) (
11. d5 e5) 11... b4 12. Ne2 (12. Na4 Nd7) 12... Nd7 13. Nf4 Bb7 14. Nd3 (14.
Kb1 Rg8 15. h3 O-O-O 16. Bc4 Bf6 $15 {0-1 (36) Eggleston,D (2396)-Fodor,T 
(2492) Hastings 2016}) 14... Rg8 15. Nfe5 $6 Nxe5 16. Nxe5 c5 $1 $15 17. Be2
Be4 $1 (17... f4 {0-1 (35) Nestorovic,N (2430)-Sedlak,N (2538) Hungary 2013})
18. f4 (18. f3 cxd4 19. Qxd4 Qxd4 20. Rxd4 Rxg2 $19) 18... Rc8 $36) 9... a6 10.
O-O-O Nd7 11. g3 b5 12. Bg2 Bb7 13. Rhe1 b4 14. Na4 $146 (14. Nb1 O-O (14...
Nb6 $5 15. Nbd2 a5 $1 16. Nh4 Bd5 $1 (16... Bxg2 17. Nxg2 Qd5 18. Qe5 (18. Ne3
Qxa2 19. Nxf5 Na4 20. Qb5+ $1 (20. Nc4 Nc3 21. Qh5 $13) 20... Kf8 21. Nc4 Bf6 (
21... Nc3 22. Qe5 Bf6 23. Qc5+ $1 (23. Qxf6 Qb1+ 24. Kd2 Qxd1+ $1 25. Rxd1 Ne4+
$19) 23... Kg8 24. Qc6 Rd8 25. Rd3 $16) 22. Qc6 Rd8 23. Rd3 $13) 18... Qxe5 19.
dxe5) 17. Kb1 a4 18. Qb5+ Kf8 19. Bxd5 Qxd5 20. Qxd5 Nxd5 $15) 15. Nbd2 Nb6 16.
g4 $1 Bf6 17. gxf5 exf5 18. Bh3 Qd5 19. Ne5 $6 {too risky or hasty} (19. Kb1 $1
{simple & strong!} Kh8 20. Qd3 $1 {[%csl Rf5][%cal Gd3f5,Gh3f5]} Bc8 (20... f4
21. Bf5 $16) 21. Ne5 $16) 19... Qxd4 {White has no good way to use the
discovered attack} 20. Bxf5 (20. Ndf3 Qf4+) (20. Ndc4 Qf4+) 20... Na4 (20...
Rfe8 $1 21. Qh5 (21. Rg1+ $2 Kf8 $19) (21. Qg4+ Qxg4 22. Nxg4 Bg5 $11) 21...
Bxe5 (21... Rxe5 $4 22. Ne4 $18) 22. Rxe5 (22. Nc4 Qf4+ $1 23. Kb1 Nxc4 24. Rd7
Bd5 25. Rxd5 Bg7 $19) 22... Qxe5 23. Rg1+ Kf8 24. Qh6+ Ke7 25. Qh4+ f6 26.
Qxb4+ Kf7 $19) 21. Nec4 $6 (21. Bxh7+ $1 Kh8 22. Nec4 Nxb2 23. Bf5 Rfe8 (23...
Nd3+ 24. Bxd3 Qa1+ 25. Nb1 Bg5+ 26. Ncd2 $18) 24. Qh5+ Kg8 25. Rg1+ Kf8 26.
Qh6+ Bg7 27. Rxg7 Qxg7 28. Qxg7+ Kxg7 29. Kxb2 $16) 21... Qh4 {now it's
difficult for White to continue his attack} 22. Be4 (22. Rg1+ Kh8 23. Rg4 Qxh2
$1 {Black has to be brave!} (23... Qh6 24. Ne5 (24. Kb1 $2 Bxb2 $1) 24... Rad8
25. f4 {with a strong bind.}) 24. Rg3 Rfe8 25. Qf1 Rad8 $1 26. Rh3 Qg2 27.
Rxh7+ Kg8 28. Qxg2+ Bxg2 29. Rg1 Kf8 $11) 22... Rae8 23. Qf3 $1 Bxe4 24. Nxe4
Bg7 25. Rd7 $2 Nc5 $19 26. Rxf7 Rxf7 27. Nf6+ Bxf6 (27... Rxf6 28. Rxe8+ Kf7
29. Qe2 Rxf2 $19) 28. Rxe8+ Kg7 {0-1 (28) Patel,A (2329)-Popilski,G (2552)
Dallas USA 2015}) 14... Bd5 (14... Be4 15. d5 $1 (15. Nc5 Nxc5 16. dxc5 Qxc5)
15... Bxd5 16. Ne5 Nxe5 17. Bxd5 exd5 (17... Nc6 $2 18. Bg2 Nd4 19. Rxd4 Qxd4
20. Bxa8 $18) 18. Qxe5 Qxe5 19. Rxe5 c6 20. Nb6 Rb8 21. Rde1 $16) (14... Bc6
15. d5 $1 Bxa4 (15... Bxd5 16. Ne5) 16. dxe6 Qxe6 17. Nd4 Qxe2 18. Rxe2 $18) (
14... O-O $142 $1 {this is a better version of the Patel-Popilski game above
as White's knight is worse off on a4 than on d2.} 15. d5 (15. g4 Bc6 16. Nc5
Nxc5 17. dxc5 Qf4+ $17) (15. Kb1 Rad8 16. g4 Bc6 17. Nc5 fxg4 18. Ne5 (18. Nd2
Bxg2 19. Qxg4+ Kh8 20. Qxg2 Nxc5 21. dxc5 Qxc5 $17) 18... Nxe5 19. dxe5 Qxc5
20. Bxc6 Rxd1+ 21. Rxd1 Kh8 $1 (21... Qxc6 $4 22. Qxg4+ Kh8 23. Rg1) 22. Qxg4
Rg8 23. Qe4 (23. Qf3 Qxe5 $17) 23... Qxf2 $17) 15... Bxd5 16. Ne5 Nxe5 17. Bxd5
Nc6 $1 {now this works} 18. Bg2 Nd4 19. Qc4 (19. Qe5 Rad8) 19... Rad8 $17) 15.
Nc5 $6 {This leads to an imbalanced situation in which White has to play more
carefully.} (15. Kb1 O-O 16. g4 $1 fxg4 (16... Bc6 17. Nc5 Nxc5 18. dxc5 Qxc5
19. gxf5 Kh8 20. fxe6 fxe6 21. Qxe6 Bf6 $2 (21... Rae8 22. Ne5 Bd6 23. Ng6+
hxg6 24. Qxg6 $11) 22. Ne5 $36) 17. Ne5 $40) 15... Nxc5 16. dxc5 Qxc5 17. Rxd5
{The logical follow-up.} Qxd5 18. Nh4 Qxa2 19. Bc6+ $1 {The only way to keep
the balance.} (19. Bxa8 O-O 20. Nxf5 Bg5+ 21. f4 Rd8 22. c4 bxc3 23. bxc3 Qa1+
24. Kc2 Qa4+ 25. Kc1 Bf6 $19) (19. Nxf5 Qa1+ 20. Kd2 Rd8+ 21. Ke3 Qxb2 $19)
19... Kf8 20. Bxa8 $2 {White underestimates the strength of Black's pieces or
lacks a sesnse of danger for his king.} ({The narrow path was} 20. Qe5 $1 f6
21. Qxe6 Qxe6 22. Rxe6 Kf7 23. Bd5 Rad8 24. Bb3 $44 {and White's piece
activity and Black's weaknesses should allow White to hold this complex ending.
}) 20... Bf6 (20... Bg5+ $5 {forcing f4 first also leads to the same thing} 21.
f4 Bf6 22. Qd3 (22. Kd2 Kg7 23. Be4 fxe4 24. Qxe4 Qxb2 $19) 22... Qxb2+ 23. Kd1
Kg7 24. Bc6 Rd8 25. Bd7 Qc3 $19 (25... Qd4)) 21. Qd3 (21. Kd2 Kg7 22. Be4 fxe4
23. Qg4+ Kh6 24. Qxe4 Rd8+ $19) 21... Kg7 22. Bc6 Qxb2+ 23. Kd1 Rd8 24. Bd7 Qd4
(24... Qc3 {also wins:} 25. Re3 Qd4 $1 26. Qxd4 Bxd4 27. Rd3 Rxd7) 25. Qxd4
Bxd4 26. Ba4 Bxf2+ 27. Ke2 Bxe1 28. Kxe1 {Black has too many passed pawns, so
White resigned.} 0-1

[Event "Norway Chess 4th"]
[Site "Stavanger"]
[Date "2016.04.23"]
[Round "4"]
[White "Grandelius, Nils"]
[Black "Harikrishna, Pentala"]
[Result "1/2-1/2"]
[WhiteElo "2649"]
[BlackElo "2763"]
[Annotator "Sagar Shah"]
[PlyCount "89"]
[EventDate "2016.04.19"]
[EventType "tourn"]
[EventRounds "9"]
[EventCountry "NOR"]
[EventCategory "21"]
[SourceTitle "CBM 172"]
[Source "ChessBase"]
[SourceDate "2016.05.12"]
[SourceVersion "1"]
[SourceVersionDate "2016.05.12"]
[SourceQuality "1"]

1. e4 e6 {The French is one of Harikrishna's main weapon against 1.e4.} 2. d4
d5 3. Nc3 Nf6 4. Bg5 dxe4 $5 {This release of pressure in the centre is
something that Harikrishna has played three times recently. He has a 100% with
his opponents being Naiditsch, Maze, and Libiszewski.} 5. Nxe4 Be7 6. Bxf6 gxf6
{Vidit Gujrathi also plays this line quite often, hence it is very much a
possibility that Hari and Vidit prepared this together.} 7. Qd2 b6 8. O-O-O Bb7
9. Nc3 c6 $5 {Very interesting prophylactic move against White's idea of d4-d5.
c6 looks weird but is not so bad because after Black develops, say, Nbd7 and
Qc7 and 0-0-0, then he can go for the c5 break.} 10. Nf3 Nd7 11. Qh6 Qc7 $5 {
Hari doesn't really care about his h7 pawn.} 12. Qg7 Rf8 13. Qxh7 f5 14. Bc4
Nf6 15. Qh6 {It looks like the white queen will go back to d2 and White would
be a pawn up. However, here Black should have either 0-0-0 or started a
queenside pawn expansion.} Ng4 $6 (15... b5 16. Bb3 a5 $1 17. d5 (17. a3 a4 $1
18. Ba2 b4 19. axb4 a3 {and Black is breaking through.}) 17... Ng4 18. Qd2
O-O-O {Regaining the pawn.}) 16. Qd2 O-O-O 17. h3 Nf6 18. Ne5 {Threatening
moves like Nxf7 followed by Bxe6.} Kb8 19. Rhe1 b5 $1 20. Bb3 b4 21. Ne2 (21.
Na4 c5 $1 22. Qf4 c4 $1 23. Bxc4 Ne4 $1 {Bg5 is really a difficult threat to
meet and so is f6.}) 21... c5 (21... Ne4 22. Qe3 c5 {transposes to the game.})
22. Qe3 Ne4 23. f4 cxd4 $1 {This along with f6 are strong continuations.} (
23... f6 $1 24. Ng6 (24. Nc4 cxd4 25. Nxd4 Bc5 26. Kb1 Rxd4 27. Rxd4 e5 $19)
24... c4 25. Ba4 (25. Nxe7 cxb3 $19) 25... Rf7 26. Nxe7 Rxe7 $17) 24. Nxd4 Bc5
{This pin is quite irritating.} 25. Nef3 Rg8 $6 {Hari in the press conference
said that this was a stupid move.} (25... Qb6 $1 {Increasing the pressure on
d4 puts White in a real bind. The idea is to simply follow up with f6 and e5.}
26. Kb1 Rd6 {With the idea of Rfd8 looks very strong. If White is forced to
play the move c3 he cannot be very happy.}) 26. g4 fxg4 (26... Qb6 $1) 27. hxg4
Rxg4 {Black has recovered the pawn and still keeps his edge.} 28. Ne5 Rxd4 $1
29. Rxd4 Rg3 30. Qxe4 {The queen sacrifice is forced. Or else you lose the
rook on d4.} Bxe4 31. Rdxe4 {Even though Black is better, this position is not
so easy to play. Mainly because the Black king isn't very secure. Harikrishna
tries to exchange a pair of rooks but in that process gives up the b4 pawn.}
Rg1 $6 (31... Ka8 {was better.}) 32. Rxg1 Bxg1 33. Rxb4+ Bb6 34. a4 {Now White
should have too many problems to hold this.} Ka8 35. Kb1 Qe7 36. Rc4 Bc7 37.
Nd3 Bd6 38. a5 Kb8 39. Ba4 Qb7 40. Rc6 Bxf4 41. Nc5 (41. Nxf4 $2 Qb4 $1 $17)
41... Qe7 42. Na6+ Kb7 43. Nc5+ Kb8 44. Na6+ Kb7 45. Nc5+ {An excellent game
by Harikrishna who really outplayed Nils in the opening and the middlegame. Bu
the Swedish player showed great tenacity and was able to find some nice
resources to hold the draw.} 1/2-1/2